000 00705nam a2200193Ia 4500
001 14622
003 GE_BSU
008 181216s||||||||xx |||||||||||||| ||und||
040 _cGE_BSU
100 _aერისთავი, გიორგი
245 _aთხზულებანი
245 _cშალვა რადიანის და ი. ბალახაშვილის რედ. პ/მგ. რედ. რ.გვეტაძე. წინასიტყვ.რე.გვეტაძე
260 _aთბილისი
260 _bფედერაცია
260 _c1936
300 _a422გვ.22სმ.
653 _aთხზულებანი
942 _cBK
999 _c47751
_d47751